000 00741nam a2200205Ii 4500
003 JO-AjNU
008 230605s9999||||xx |||||||||||||| ||und||
040 _aJO-AjNU
_bara
_erda
_cJO-AjNU
041 _aara
050 1 4 _aBP180.S52 1980
100 3 _aالشرقاوي، علي البدري أحمد,
_eauthor
_952976
245 0 0 _aالزكاة وأثرها في التأمين الإجتماعي
250 _aط1
264 3 1 _aالقاهرة: دار الكتاب الجامعي، 1980
300 _a158ص
336 _atext
_btxt
_2rdacontent
337 _aunmediated
_bn
_2rdamedia
338 _avolume
_bnc
_2rdacarrier
650 4 _aالزكاة- الاسلام والتأمين الاجتماعي- الفقه الاسلامي
_952977
999 _aA23499
_c27067
_d27067